| 000 | 00774nam a22002177a 4500 | ||
|---|---|---|---|
| 005 | 20251108170121.0 | ||
| 008 | 250721s1997 xx 000 0 ara d | ||
| 082 | 1 | 4 | _aم/211/حسن |
| 100 | 1 | _aالحسني، عبد الله بن صديق الغماري | |
| 245 | 1 | 0 | _aدلالة القرآن المبين علة أن النبي أفضل العالمين / |
| 264 | 1 |
_aمكة : _bالمكتبة المكية، _c1997. |
|
| 300 | _a208ص | ||
| 650 | 1 | 7 | _aالقرآن الكريم |
| 650 | 1 | 7 | _aالحديث الشريف |
| 650 | 1 | 7 | _aتفسير القرآن |
| 650 | 1 | 7 | _aسور القرآن |
| 650 | 1 | 7 | _aالآيات القرانية |
| 650 | 1 | 7 | _aمحمد صلى الله عليه و سلم السيرة النبوية |
| 942 |
_2ddc _cREF |
||
| 999 |
_c40137 _d40137 |
||